Statistics for Mississippi River States Empty Map Quiz

Click here to take the quiz!

General Stats

  • This quiz has been taken 18,496 times
  • The average score is 9 of 10

Answer Stats

State % Correct
Mississippi
98%
Louisiana
97%
Illinois
95%
Kentucky
95%
Tennessee
95%
Arkansas
94%
Missouri
94%
Minnesota
93%
Iowa
92%
Wisconsin
92%

Score Distribution

Percentile by Number Answered

Percent of People with Each Score

Your Score History

You have not taken this quiz